Представление документа в формате MARC21

Поле Инд. ПП Название Значение
Тип записи a
Библиографический уровень a
001 Контрольный номер 729429fb87be4e5bbb8ad212e342c131
005 Дата корректировки 20220113092147.0
040 a Служба первич. каталог. НБ ТвГУ
b Код языка каталог. rus
e Правила каталог. PSBO
041 0_ a Код языка текста rus
097 b Оператор Komarova.ES
098 b Факультет Филологический
c Кафедра Международных отношений
100 1_ a Автор Дубяго Павел Петрович
q Полное имя Дубяго П. П.
245 10 a Заглавие Интернет-пространство как способ эффективной коммуникации (на примере деятельности «Русского мира»)
260 a Место издания Тверь
b Издательство Тверской государственный университет
504 a Библиография Библиогр.: с. 53 (9 назв.)
520 0_ a Аннотация В статье рассматривается влияние Интернета на жизнь русской диаспоры за рубежом: интернет-телевидения и интернет-ресурсов – порталов, журналов, сайтов и социальных сетей. Приводятся примеры из жизни соотечественников в Китае: использование русскоязычных сайтов и их влияние на русских эмигрантов – наших соотечественников. Большое внимание уделяется распространенной в ближнем и дальнем зарубежье социальной сети «Русский мир», ставшей одним из главных коммуникативных проектов, позволяющих русским соотечественникам политически и духовно объединяться.
653 0_ a Ключевые слова Труды Тверского государственного университета
a Ключевые слова Международные отношения
a Ключевые слова Интернет
a Ключевые слова Коммуникация
a Ключевые слова Соотечественники
a Ключевые слова Русскоязычная социальная сеть
773 18 w Контрольный № источника c727089327994f68971704e6e67dc3f5
t Название источника СМИ в онтологическом и культурном пространстве славянского мира. Дни славянской письменности и культуры
d Место и дата издания Тверь : Тверской государственный университет, 2021
g Прочая информация С. 50-53
901 t Тип документа a
920 a Оператор Кома
954 b Дата поступления в ОК 20220113